01117nam a2200337 a 4500001001000000003000900010005001700019007000300036008002700039020001500066040003000081082003000111100004100141245006100182250001400243264006600257300002800323336002700351337003500378338002900413490002100442590002600463650001900489650003500508650002300543650001900566910004200585942001200627952012300639999001700762000000369DO-SdBPM20250729085804.0ta081112s2011 ck 000 f spa d a8466300694 aDO-SdBPMbspacBPMSUerda 4aCh863.6 bS487a 20022221 a Serrano, Marcela, d1951- eautor 13aEl albergue de las mujeres tristes /c Marcela Serrano.  a 2a. ed.  aSantiago de Chile : bSantillana Ediciones Generales,c2002 a404 páginas ;c23 cm. atextobtxt2rdacontent asin mediación bn2rdamedia  avolumen bnc2rdacarrier0 aPunto de lectura aInventariado, 2024/VM 7aNovela chilena 7aRelaciones de parejavNovelas. 7aLiteratura chilena 4aNovela amorosa a Vmateo V. Control de calidad. BPMSU  2ddccBK 00102ddc708CGaBPMETbBPMETd2025-07-29l0oBPMSU CG Ch863.6 S487a 2002pBPMSU25070066r2025-07-29w2025-07-29yBK c15282d15282